Исследования и практика в медицине. Т. 5, спецвып. 2: Первый Международный форум онкологии и радиологии (Запись № 12145153)

Подробности
000 -МАРКЕР
контрольное поле 01410nam2a2200229 4500
001 - ИДЕНТИФИКАТОР ЗАПИСИ
контрольное поле RU\NLR\PER_A\010686918_000430
005 - ИДЕНТИФИКАТОР ВЕРСИИ
контрольное поле 20250626141323.0
035 ## - ДРУГИЕ СИСТЕМНЫЕ НОМЕРА
Идентификатор записи (NLR Aleph) 011859456
100 ## - ДАННЫЕ ОБЩЕЙ ОБРАБОТКИ
Данные общей обработки 20181109d2018 |||y0rusy50 ca
101 0# - ЯЗЫК РЕСУРСА
Язык текста, звукозаписи и т.д. русский
102 ## - СТРАНА ПУБЛИКАЦИИ ИЛИ ПРОИЗВОДСТВА
Страна публикации Российская Федерация
200 1# - ЗАГЛАВИЕ И СВЕДЕНИЯ ОБ ОТВЕТСТВЕННОСТИ
Основное заглавие Первый Международный форум онкологии и радиологии
Параллельное заглавие The First International forum of oncology and radiology
Сведения, относящиеся к заглавию [материалы, 23-28 сентября 2018 г., Москва]
Язык параллельного заглавия английский
210 ## - ПУБЛИКАЦИЯ, РАСПРОСТРАНЕНИЕ И ДР.
Дата издания, распространения и т.д. 2018
Место издания, распространения и т.д. Б. м.
461 #0 - УРОВЕНЬ НАБОРА
Встроенное поле 001RU\NLR\Per\1105372
-- 2001#$aИсследования и практика в медицине$dResearch'n practical medicine journal$eрецензируемый научно-практический журнал$zeng$vТ. 5, спецвып. 2
Системный номер (АБИС) связанной записи 9667569
Место публикации Москва
Дата публикации 2014 -
Параллельное заглавие Research and practical medicine journal
Имя издателя, распространителя и т.д. Квазар
Сведения, относящиеся к заглавию рецензируемый научно-практический журнал
Заглавие Исследования и практика в медицине
ISSN 2409-2231
Номер тома Т. 5, спецвып. 2
510 1# - ПАРАЛЛЕЛЬНОЕ ЗАГЛАВИЕ
Параллельное заглавие The First International forum of oncology and radiology
Язык заглавия английский
710 12 - НАИМЕНОВАНИЕ ОРГАНИЗАЦИИ - ПЕРВИЧНАЯ ОТВЕТСТВЕННОСТЬ
Начальный элемент ввода Международный форум онкологии и радиологии
Порядковый номер временной организации и / или порядковый номер ее части 1
Место проведения временной организации Москва
Дата проведения временной организации 2018
Системный номер авторитетной/нормативной записи 633075
Идентификатор авторитетной/нормативной записи RU\NLR\AUTH\880486324
852 ## - МЕСТОНАХОЖДЕНИЕ И ШИФР ХРАНЕНИЯ
Идентификатор организации NLR
Шифр хранения (Call Number) П17/1657
942 ## - ДОПОЛНИТЕЛЬНЫЕ ЭЛЕМЕНТЫ ЗАПИСИ (АБИС)
Тип экземпляра АБИС Выпуск
980 ## - КОЛЛЕКЦИЯ
Название коллекции Национальная библиография
980 ## - КОЛЛЕКЦИЯ
Название коллекции Русская периодика

Нет доступных экземпляров.